00269nam a2200097Ia 4500008004000000082001300040100002600053245004600079260003400125300001200159210210b1959 xxu||||| |||| 00| 0 eng d a302 STRS aSTRAUSS (Anselm), Ed. aSocial psychology of George Herbert Mead. aChicagobPhoenix Books.c1959 axvi,298